Návrh a implementácia vybraného modulu informačného systému pre autoservis

Saved in:
Bibliographic Details
Main Author: Dobo, František (Author)
Other Authors: Tanuška, Pavol (Thesis advisor)
Format: Manuscript Book
Language:Slovak
Published: 2018
Subjects:
Online Access:http://is.stuba.sk/zp/portal_zp.pl?podrobnosti=123507
Tags: Add Tag
No Tags, Be the first to tag this record!

MARC

LEADER 00000ntm a22000003a 4500
001 stuzp66790
003 SK-STU
005 20180820153652.3
007 ta
008 150427s2015----xo-----f-mn---000-0-slo-d
040 |a STU  |b slo 
041 0 |a slo 
100 1 |a Dobo, František  |u 066000  |4 aut  |U MTF Materiálovotechnologická fakulta  |T MTF Ústav aplikovanej informatiky, automatizácie a mechatroniky  |X 80162  |U M6000  |Y 86  |7 80162 
242 0 1 |a Proposal and implementation of a selected information system module for a car repair service  |y eng 
245 1 0 |a Návrh a implementácia vybraného modulu informačného systému pre autoservis 
260 |c 2018 
650 4 |a Database  |2 eng 
650 4 |a C#  |2 eng 
650 4 |a Visual Studio  |2 eng 
650 4 |a MySQL  |2 eng 
650 4 |a UML  |2 eng 
650 4 |a Information system  |2 eng 
650 4 |a Databáza  |2 slo 
650 4 |a UML  |2 slo 
650 4 |a Informačný systém  |2 slo 
650 4 |a Visual Studio  |2 slo 
650 4 |a MySQL  |2 slo 
650 4 |a C#  |2 slo 
700 1 |a Tanuška, Pavol  |u 066000  |k Z1  |4 ths  |U MTF Materiálovotechnologická fakulta  |T MTF Ústav aplikovanej informatiky, automatizácie a mechatroniky  |X 248  |U M6000  |Y 86  |7 A000000248 
856 4 |u http://is.stuba.sk/zp/portal_zp.pl?podrobnosti=123507 
996 |c M* BP-8195  |l MMSKP  |s P  |a 0  |w stuzp66790_0001